[Event "Titled Tue 24th Jun Early"]
[Site "chess.com INT"]
[Date "2025.06.24"]
[Round "3"]
[White "Milare, Tyron"]
[Black "Murthy, Pappu"]
[Result "1-0"]
[WhiteTitle "FM"]
[WhiteElo "2248"]
[BlackElo "1838"]
[WhiteFideId "12987018"]
[BlackFideId "2013401"]
[EventDate "2025.06.24"]

1. d4 Nf6 2. Nf3 e6 3. g3 d5 4. Bg2 Bd6 5. O-O O-O 6. c4 h6 7. c5 Be7 8. Nc3 b6
9. b4 a5 10. Bf4 axb4 11. Nb5 Na6 12. Ne5 bxc5 13. Rc1 c4 14. Rxc4 Bd7 15. Rc6
Bxc6 16. Nxc6 Qd7 17. Qc1 Bd6 18. Bxh6 gxh6 19. Qxh6 Nh7 20. Rc1 Kh8 21. e4 Rg8
22. exd5 Bf8 23. Qh5 Re8 24. Ne5 Qxb5 25. Nxf7+ Kg7 26. dxe6 Rxe6 27. Qxb5 Kxf7
28. Bd5 Rg6 29. Qd7+ Be7 30. Rc6 Nf8 31. Bxe6+ Nxe6 32. Rxa6 Rf6 33. Qd5 c6 34.
Rxc6 Bf8 35. Rc7+ Be7 36. Rc6 Bf8 37. Qh5+ Kg8 38. d5 Ng7 39. Qg4 1-0

[Event "Titled Tue 24th Jun Early"]
[Site "chess.com INT"]
[Date "2025.06.24"]
[Round "3"]
[White "Weerasekara, Dishal Nimsara"]
[Black "Nakonechnyi, Oleksii"]
[Result "0-1"]
[WhiteTitle "FM"]
[BlackTitle "CM"]
[WhiteElo "2125"]
[BlackElo "2222"]
[WhiteFideId "9997431"]
[BlackFideId "34173714"]
[EventDate "2025.06.24"]

1. c4 Nf6 2. Nc3 e5 3. Nf3 d6 4. g3 g6 5. Bg2 Bg7 6. O-O O-O 7. d4 exd4 8. Nxd4
c6 9. Nc2 Qe7 10. e4 Rd8 11. Re1 Be6 12. Qe2 Nbd7 13. Bd2 a5 14. Rad1 a4 15. Nd4
Ne5 16. Nxe6 Qxe6 17. b3 axb3 18. axb3 Ned7 19. Bc1 Nc5 20. Qc2 Ng4 21. h3 Nxf2
22. Kxf2 Qf6+ 23. Bf4 Qxc3 24. Qxc3 Bxc3 25. Re3 Be5 26. b4 Ne6 27. Bxe5 dxe5
28. Rxd8+ Rxd8 29. Bf1 Rd2+ 30. Re2 Rd4 31. Ra2 Rxe4 32. Ra7 b5 33. cxb5 cxb5
34. Bxb5 Rxb4 35. Be8 Ng5 36. Kf1 Rb8 37. Bd7 Ne4 38. Kg2 Rd8 39. Bc6 Nd6 40.
Ra8 Rxa8 41. Bxa8 Kg7 42. Kf3 f5 43. g4 Kf6 44. Bd5 e4+ 45. Ke3 Ke5 46. Bg8 f4+
47. Kf2 h6 48. Bh7 g5 49. Bg6 Kd4 50. Bh7 Nc4 51. Bg8 Ne5 52. Be6 e3+ 53. Kf1 f3
54. Bb3 Ke4 55. Bc2+ Kf4 56. h4 Nxg4 57. Kg1 Ne5 58. Kh2 g4 59. h5 g3+ 60. Kh3
e2 61. Be4 e1=Q 62. Bf5 Qh1# 0-1

[Event "Titled Tue 24th Jun Early"]
[Site "chess.com INT"]
[Date "2025.06.24"]
[Round "3"]
[White "Toroptseva, Yevheniia"]
[Black "Norman, Kseniya"]
[Result "0-1"]
[WhiteTitle "WFM"]
[BlackTitle "WFM"]
[WhiteElo "2104"]
[BlackElo "2069"]
[WhiteFideId "34109374"]
[BlackFideId "13518780"]
[EventDate "2025.06.24"]

1. Nc3 e5 2. e4 Nf6 3. f4 d5 4. fxe5 Nxe4 5. d3 Nxc3 6. bxc3 Bf5 7. Qf3 Qd7 8.
Qg3 Nc6 9. Nf3 O-O-O 10. Be2 d4 11. c4 Bb4+ 12. Bd2 Bxd2+ 13. Kxd2 Qe7 14. Rab1
Rhe8 15. Qf4 Bg6 16. Rhe1 Qa3 17. Rb3 Qa5+ 18. Kd1 Qxa2 19. Qc1 Qa6 20. Ra3 Qb6
21. Rb3 Qc5 22. Rb5 Qe7 23. Qb2 b6 24. Rb3 a5 25. Rb5 Bh5 26. c5 Na7 27. cxb6
Nxb5 28. b7+ Kb8 29. Qxb5 Qb4 30. Qa6 Qxb7 31. Qxa5 Rd5 32. Qa4 Rb5 33. Kd2 Rd8
34. Ra1 Rb4 35. Qa5 Rb2 36. Nxd4 Rxd4 37. Bxh5 Qb4+ 0-1

[Event "Titled Tue 24th Jun Early"]
[Site "chess.com INT"]
[Date "2025.06.24"]
[Round "3"]
[White "Tang, Dylan"]
[Black "Matyassy, Lazar"]
[Result "1-0"]
[WhiteTitle "FM"]
[BlackTitle "FM"]
[WhiteElo "2236"]
[BlackElo "2251"]
[WhiteFideId "30972531"]
[BlackFideId "17005167"]
[EventDate "2025.06.24"]

1. e4 a6 2. d4 h6 3. Nf3 e6 4. a4 d5 5. e5 c5 6. c3 Nc6 7. Be2 Nge7 8. dxc5 Ng6
9. b4 Ncxe5 10. Nxe5 Nxe5 11. Bf4 Qf6 12. Qd4 Ng6 13. Be3 Be7 14. Nd2 O-O 15.
Nf3 Rd8 16. Rd1 e5 17. Qd2 Bd7 18. a5 Be6 19. O-O Bf8 20. Rfe1 Ne7 21. Bd3 Bg4
22. Nxe5 Bxd1 23. Bd4 Bh5 24. Ng6 Qg5 25. Qxg5 hxg5 26. Nxe7+ Bxe7 27. Rxe7 Re8
28. Rxe8+ Rxe8 29. f3 Bg6 30. Bf1 Re1 31. Kf2 Rb1 32. c6 bxc6 33. Bxa6 Rb2+ 34.
Kg3 f6 35. Bb7 Bd3 36. a6 Ra2 37. a7 Bc4 38. Bxc6 Rxa7 39. Bxa7 1-0

[Event "Titled Tue 24th Jun Early"]
[Site "chess.com INT"]
[Date "2025.06.24"]
[Round "3"]
[White "Carroll, Thomas"]
[Black "Exposito Milan, Adrian"]
[Result "0-1"]
[BlackTitle "FM"]
[WhiteElo "2131"]
[BlackElo "2179"]
[WhiteFideId "450111"]
[BlackFideId "24556645"]
[EventDate "2025.06.24"]

1. d4 d5 2. c4 e6 3. Nf3 Nf6 4. g3 Be7 5. Bg2 O-O 6. O-O dxc4 7. Nbd2 b5 8. a4
c6 9. axb5 cxb5 10. b3 c3 11. Nb1 b4 12. Ne5 Nd5 13. e4 Nf6 14. Be3 Bb7 15. Qd3
a5 16. Rd1 Nbd7 17. Nc4 a4 18. d5 axb3 19. Rxa8 Qxa8 20. dxe6 fxe6 21. Bh3 c2
22. Bxe6+ Kh8 23. Re1 Bxe4 24. Qxb3 cxb1=Q 25. Rxb1 Bxb1 26. Qxb1 Qc6 27. Bh3
Qxc4 28. Bf1 Qc3 29. Qd1 Ne5 30. Be2 b3 31. Bd4 Qc7 32. Qa1 Rb8 33. Bxe5 b2 34.
Bxb2 Qc2 35. Be5 Rb1+ 36. Kg2 Rxa1 37. Bxa1 Qe4+ 38. Bf3 Qe1 39. Bd4 Ne4 40. h4
Bc5 41. Bxe4 Qxe4+ 42. Kh3 Qxd4 43. f3 Qg1 44. Kg4 Bf2 45. Kh5 Qxg3 46. f4 g6+
47. Kh6 Qxf4# 0-1

[Event "Titled Tue 24th Jun Early"]
[Site "chess.com INT"]
[Date "2025.06.24"]
[Round "3"]
[White "Guliev, Gasan"]
[Black "Ersoz, Teoman Guney"]
[Result "1-0"]
[WhiteTitle "CM"]
[BlackTitle "CM"]
[WhiteElo "2123"]
[BlackElo "2052"]
[WhiteFideId "34165638"]
[BlackFideId "44537050"]
[EventDate "2025.06.24"]

1. e4 c5 2. Nf3 e6 3. c4 Nc6 4. d4 cxd4 5. Nxd4 Nf6 6. Nc3 e5 7. Ndb5 d6 8. Bg5
a6 9. Na3 Be7 10. Bxf6 Bxf6 11. Be2 Be6 12. O-O O-O 13. Nc2 Bg5 14. b3 g6 15. h3
Bh6 16. a3 Bg7 17. Nb4 Nd4 18. Bd3 f5 19. exf5 gxf5 20. Ra2 Qg5 21. Kh1 e4 22.
Bb1 Be5 23. f4 exf3 24. gxf3 Kh8 25. f4 Qh4 26. fxe5 dxe5 27. Nbd5 Rg8 28. Qe1
Rg3 29. Qxe5+ Kg8 30. Rh2 Rf8 31. Ne7+ Kf7 32. Nxf5 Nxf5 33. Bxf5 Rg6 34. Bxg6+
Kxg6 35. Qe4+ Bf5 36. Qxh4 h5 37. Rg1+ Kf7 38. Nd5 Ke6 39. Qe7# 1-0

[Event "Titled Tue 24th Jun Early"]
[Site "chess.com INT"]
[Date "2025.06.24"]
[Round "3"]
[White "Rahmilevitz, Anton"]
[Black "Modric, Nesa"]
[Result "1-0"]
[BlackTitle "CM"]
[WhiteElo "2243"]
[BlackElo "2088"]
[WhiteFideId "2809699"]
[BlackFideId "922579"]
[EventDate "2025.06.24"]

1. e4 c6 2. d4 d5 3. e5 Bf5 4. h4 h5 5. Bd3 Bxd3 6. Qxd3 e6 7. Bg5 Qb6 8. Nd2
Ne7 9. Ngf3 Nf5 10. O-O Be7 11. g3 Nd7 12. b3 Qa6 13. Qc3 Rc8 14. Bxe7 Kxe7 15.
Qb4+ c5 16. dxc5 Nxc5 17. c4 Qb6 18. Qa3 Qa6 19. Qb2 Rhd8 20. cxd5 Rxd5 21. Nc4
Nd3 22. Qe2 b5 23. Ne3 Nxe3 24. Qxe3 f6 25. exf6+ gxf6 26. Qh6 Rf8 27. Rad1 Qd6
28. Rd2 Rf7 29. Rfd1 Nb4 30. Qe3 a6 31. a3 Rxd2 32. Rxd2 Nd5 33. Qh6 Qxa3 34.
Nd4 Qc1+ 35. Kg2 Qc3 36. Rd1 b4 37. Qxh5 Qb2 38. Nf5+ exf5 39. Rxd5 Qxb3 40.
Qxf5 Qc4 41. Rd7+ 1-0

[Event "Titled Tue 24th Jun Early"]
[Site "chess.com INT"]
[Date "2025.06.24"]
[Round "3"]
[White "Paxtor Chiguichon, Rodolfo Enrique"]
[Black "Bruhovich, Olexandr"]
[Result "0-1"]
[WhiteTitle "CM"]
[BlackTitle "CM"]
[WhiteElo "2009"]
[BlackElo "2208"]
[WhiteFideId "7307012"]
[BlackFideId "14119919"]
[EventDate "2025.06.24"]

1. e4 c5 2. Nf3 d6 3. d4 cxd4 4. Nxd4 Nf6 5. Nc3 a6 6. f3 e5 7. Nb3 Be6 8. Be3
Be7 9. Qd2 O-O 10. Be2 Nbd7 11. O-O-O b5 12. g4 Nb6 13. a3 Rc8 14. Kb1 Nfd7 15.
Na5 Qc7 16. h4 Rfd8 17. h5 Nf8 18. g5 d5 19. Bxb6 Qxb6 20. Nxd5 Bxd5 21. exd5
Ne6 22. g6 fxg6 23. hxg6 h6 24. Qe1 Nd4 25. Rxd4 exd4 26. Nc6 Re8 27. Bd3 Bxa3
28. Be4 Bd6 29. Qd2 Rf8 30. Nxd4 Bf4 31. Qd3 Qf6 32. Ne6 Rfe8 33. Nd4 Be5 34.
Nc6 Bxb2 35. d6 Ba1 36. c3 Bxc3 37. Bd5+ Kh8 38. Ne7 Rcd8 39. Bf7 Rf8 40. Rc1
Be5 41. Nc6 Bxd6 0-1

[Event "Titled Tue 24th Jun Early"]
[Site "chess.com INT"]
[Date "2025.06.24"]
[Round "3"]
[White "Sharapov, Yevhen"]
[Black "Kawka, Milena"]
[Result "1-0"]
[WhiteTitle "GM"]
[BlackTitle "WCM"]
[WhiteElo "2375"]
[BlackElo "2003"]
[WhiteFideId "14103133"]
[BlackFideId "21095167"]
[EventDate "2025.06.24"]

1. e4 c6 2. d4 d5 3. e5 Bf5 4. c4 e6 5. Nc3 dxc4 6. Bxc4 Nd7 7. Nge2 Ne7 8. O-O
Nd5 9. Nxd5 cxd5 10. Bd3 Bxd3 11. Qxd3 Be7 12. f4 Qb6 13. Qg3 g6 14. Kh1 O-O-O
15. a4 Kb8 16. a5 Qb5 17. Qf3 Rc8 18. a6 b6 19. Nc3 Qb3 20. Qf2 h5 21. Be3 Ka8
22. h3 b5 23. Rfc1 b4 24. Nb5 Nb6 25. Nd6 Bxd6 26. exd6 Nc4 27. Re1 Nxd6 28. Qe2
Rc2 29. Qf1 Ne4 30. Qb5 Rb8 31. Qd7 Qc4 32. Rec1 b3 33. Qxf7 Qc6 34. Qxg6 Rc8
35. Rg1 Rxb2 36. f5 exf5 37. Qf7 Rc2 38. Ra5 h4 39. Rxd5 Ng3+ 40. Kh2 b2 41. Rd7
Qb6 42. Qd5+ Kb8 43. Rb7+ Ka8 44. Rxb6+ R2c6 45. Rxc6 Nf1+ 46. Rxf1 b1=Q 47.
Rxc8# 1-0

[Event "Titled Tue 24th Jun Early"]
[Site "chess.com INT"]
[Date "2025.06.24"]
[Round "3"]
[White "Martinez, Shawn"]
[Black "Dwilewicz, Katarzyna"]
[Result "1-0"]
[BlackTitle "WFM"]
[WhiteElo "1921"]
[BlackElo "2198"]
[WhiteFideId "2039770"]
[BlackFideId "1148486"]
[EventDate "2025.06.24"]

1. e4 c5 2. Nc3 d6 3. Bb5+ Nd7 4. a4 a6 5. Bc4 Ngf6 6. f4 g6 7. Nf3 Bg7 8. e5
dxe5 9. fxe5 Ng4 10. e6 fxe6 11. Bxe6 Ndf6 12. Qe2 Bxe6 13. Qxe6 Qd6 14. Qc4
O-O-O 15. d3 e5 16. O-O Rhe8 17. Bg5 h6 18. Bh4 Ne3 19. Qf7 Rd7 20. Qxg6 Nxf1
21. Bxf6 Re6 22. Ne4 Qf8 23. Rxf1 Bxf6 24. Nxe5 Rxe5 25. Rxf6 Qd8 26. Qxh6 Rxe4
27. dxe4 Rd1+ 28. Kf2 Qd4+ 29. Kg3 Qe5+ 30. Rf4 Rd7 31. Qf8+ Kc7 32. Qf5 Rg7+
33. Kf3 Qxb2 34. Qxc5+ Kd7 35. Qd5+ Kc7 36. Qc5+ Kd7 37. Rf8 Qc1 38. Qc8+ Ke7
39. Qd8+ Ke6 40. Rf6+ Ke5 41. Qd6# 1-0

[Event "Titled Tue 24th Jun Early"]
[Site "chess.com INT"]
[Date "2025.06.24"]
[Round "3"]
[White "Brady, Tyson"]
[Black "Tari, Aryan"]
[Result "0-1"]
[WhiteTitle "CM"]
[BlackTitle "GM"]
[WhiteElo "2170"]
[BlackElo "2636"]
[WhiteFideId "30970369"]
[BlackFideId "1510045"]
[EventDate "2025.06.24"]

1. Nf3 d5 2. e3 Nf6 3. c4 e6 4. b3 a5 5. Bb2 a4 6. Be2 a3 7. Bc3 Ne4 8. O-O Nd7
9. d4 Nxc3 10. Nxc3 Bb4 11. Qc2 c6 12. Rad1 O-O 13. Bd3 f5 14. cxd5 cxd5 15. Nb5
Qb6 16. Qc7 Ra6 17. Qxb6 Rxb6 18. Rc1 Nb8 19. Ne5 Nc6 20. Nxc6 bxc6 21. Nc3 Bd7
22. Na4 Rb7 23. Nc5 Bxc5 24. Rxc5 Ra8 25. f4 Kf7 26. Rfc1 Ke7 27. Kf2 Kd6 28.
Ke1 h6 29. h4 g5 30. hxg5 hxg5 31. fxg5 Rbb8 32. Kf2 Rg8 33. Rh1 Rxg5 34. Rh7
Rag8 35. Bf1 e5 36. Ra5 exd4 37. exd4 Rg4 38. Ra7 Be6 39. Ra4 Rf4+ 40. Kg1 Re4
41. Rxa3 Rxd4 42. Ra6 f4 43. Bb5 Rd1+ 44. Kf2 Rc1 45. Rh6 Rc2+ 46. Be2 Ke5 47.
Ra4 Bg4 0-1

[Event "Titled Tue 24th Jun Early"]
[Site "chess.com INT"]
[Date "2025.06.24"]
[Round "3"]
[White "Sturt, Raven"]
[Black "Lazavik, Denis"]
[Result "0-1"]
[WhiteTitle "GM"]
[BlackTitle "GM"]
[WhiteElo "2459"]
[BlackElo "2580"]
[WhiteFideId "2007304"]
[BlackFideId "13515110"]
[EventDate "2025.06.24"]

1. f4 Nf6 2. Nf3 g6 3. c4 Bg7 4. Nc3 O-O 5. e4 d6 6. d4 c5 7. dxc5 Qa5 8. Bd3
Qxc5 9. Qe2 Bg4 10. Be3 Qa5 11. O-O Nc6 12. Rac1 Nd7 13. a3 Nd4 14. Qf2 Nxf3+
15. gxf3 Bh3 16. Rfd1 Qh5 17. Nd5 e6 18. Nc7 Rad8 19. Be2 Bxb2 20. Rb1 Bxa3 21.
Rxb7 Bc5 22. Na6 Bxe3 23. Qxe3 Nf6 24. Rxa7 Qh4 25. Nb4 Nh5 26. Nd3 Rb8 27. Rd7
Rfd8 28. Rxd8+ Rxd8 29. Rc1 Rb8 30. c5 dxc5 31. Rxc5 h6 32. Rc1 Rd8 33. Qf2 Qf6
34. Qe3 Qe7 35. Kh1 Qh4 36. Rg1 Ra8 37. f5 exf5 38. Ne5 f4 39. Qb3 Be6 40. Rxg6+
Kh7 41. Rxe6 Qe1+ 42. Kg2 Qxe2+ 43. Kh3 Qf1+ 44. Kh4 Qf2+ 45. Kxh5 Qxh2+ 46. Kg4
Qg3+ 47. Kf5 Qg5# 0-1

[Event "Titled Tue 24th Jun Early"]
[Site "chess.com INT"]
[Date "2025.06.24"]
[Round "3"]
[White "Aaron, Deepak"]
[Black "Samsonkin, Artiom"]
[Result "0-1"]
[BlackTitle "IM"]
[WhiteElo "2318"]
[BlackElo "2361"]
[WhiteFideId "2009412"]
[BlackFideId "13503111"]
[EventDate "2025.06.24"]

1. c4 c5 2. Nc3 Nc6 3. g3 g6 4. Bg2 Bg7 5. h4 h6 6. e3 e5 7. Nge2 Nge7 8. h5 g5
9. a3 d6 10. Rb1 a5 11. Nd5 O-O 12. Qc2 f5 13. b3 e4 14. Bb2 Nxd5 15. cxd5 Ne5
16. Bxe5 Bxe5 17. d3 exd3 18. Qxd3 Bg7 19. O-O Qe8 20. b4 axb4 21. axb4 b6 22.
bxc5 Ba6 23. Qd2 bxc5 24. Rb6 f4 25. gxf4 gxf4 26. Nxf4 Bxf1 27. Bxf1 Rxf4 28.
exf4 Qxh5 29. Qe3 Re8 30. Qg3 Qxd5 31. Ra6 Kh8 32. Ra7 Rg8 33. Bd3 c4 34. Bc2
Qe6 35. Kh2 Qf6 36. Qg4 d5 37. Rd7 d4 38. Bf5 d3 39. Rc7 d2 40. Rxc4 d1=Q 41.
Qxd1 Qxf5 42. Qf3 Bf6 43. Rc6 Qg6 44. Qh3 h5 0-1

[Event "Titled Tue 24th Jun Early"]
[Site "chess.com INT"]
[Date "2025.06.24"]
[Round "3"]
[White "De Silva, L M S T"]
[Black "Zong, Davis"]
[Result "1-0"]
[WhiteTitle "IM"]
[BlackTitle "FM"]
[WhiteElo "2390"]
[BlackElo "2242"]
[WhiteFideId "9953698"]
[BlackFideId "30903955"]
[EventDate "2025.06.24"]

1. e4 e5 2. Nc3 Nf6 3. Bc4 Nxe4 4. Qh5 Nd6 5. Bb3 Nc6 6. Nb5 g6 7. Qf3 f5 8. Qd5
Qf6 9. Nxc7+ Kd8 10. Nxa8 b6 11. Nxb6 axb6 12. Qf3 Bb7 13. Ne2 Nd4 14. Qh3 Nxe2
15. Kxe2 g5 16. d3 h5 17. Qe3 Rg8 18. Qxb6+ Ke7 19. Bd2 Rg6 20. Bb4 Bc6 21. Rae1
g4 22. Kd1 Bh6 23. Rxe5+ Qxe5 24. Re1 Qxe1+ 25. Kxe1 Bxg2 26. c4 Re6+ 27. Kd1
Bf3+ 28. Kc2 Re2+ 29. Kc3 Bd2+ 30. Kd4 Bf4 31. Ba3 h4 32. Kc5 h3 33. Kb4 Bxh2
34. Ka4 Be5 35. c5 Bc6+ 36. Ka5 Nb7+ 37. Ka6 h2 38. Qxb7 Bxb7+ 39. Kxb7 h1=Q+
40. c6+ 1-0

[Event "Titled Tue 24th Jun Early"]
[Site "chess.com INT"]
[Date "2025.06.24"]
[Round "3"]
[White "Zlatin, Alexander"]
[Black "Savicevs, Arsenijs"]
[Result "1-0"]
[WhiteTitle "FM"]
[BlackTitle "FM"]
[WhiteElo "2313"]
[BlackElo "2211"]
[WhiteFideId "2810549"]
[BlackFideId "11617489"]
[EventDate "2025.06.24"]

1. e4 e5 2. Nf3 Nc6 3. Nc3 Nf6 4. d4 exd4 5. Nxd4 Bb4 6. Nxc6 bxc6 7. Bd3 d5 8.
exd5 O-O 9. dxc6 Re8+ 10. Be3 Nd5 11. O-O Nxe3 12. fxe3 Bxc3 13. bxc3 Qe7 14. e4
Qc5+ 15. Kh1 Qxc3 16. Qh5 Be6 17. e5 g6 18. Qg5 Bd5 19. Rae1 Qxc6 20. Re3 Re6
21. Rh3 Rae8 22. Rg1 Rxe5 23. Qh6 Qf6 24. Qxh7+ Kf8 25. Qh8+ Qxh8 26. Rxh8+ Ke7
27. Rxe8+ Kxe8 28. h3 c5 29. Kh2 c4 30. Bf1 Re3 31. g3 Ra3 32. Bg2 Rxa2 33. Bxd5
Rxc2+ 34. Rg2 Rxg2+ 35. Kxg2 c3 36. Bb3 Ke7 37. Kf3 Kd6 38. Ke4 Kc5 39. Kd3 Kb4
40. Bxf7 a5 41. Kc2 g5 42. h4 gxh4 43. gxh4 Kc5 44. h5 Kd6 45. h6 Ke7 46. h7 1-0

[Event "Titled Tue 24th Jun Early"]
[Site "chess.com INT"]
[Date "2025.06.24"]
[Round "3"]
[White "Bozorov, Javohir"]
[Black "Harsha, Bharathakoti"]
[Result "0-1"]
[WhiteTitle "FM"]
[BlackTitle "GM"]
[WhiteElo "2039"]
[BlackElo "2527"]
[WhiteFideId "14216957"]
[BlackFideId "5078776"]
[EventDate "2025.06.24"]

1. e4 c5 2. Nf3 e6 3. d4 cxd4 4. Nxd4 a6 5. Bd3 Bc5 6. Nb3 Ba7 7. c4 Ne7 8. Nc3
Nbc6 9. Qe2 O-O 10. Be3 Bxe3 11. Qxe3 d5 12. Qg3 d4 13. Ne2 e5 14. O-O Ng6 15.
f4 exf4 16. Nxf4 Qd6 17. c5 Qe5 18. Bc4 a5 19. Bd5 a4 20. Nd2 Nxf4 21. Rxf4 Be6
22. Nc4 Qh5 23. Rh4 Qe2 24. Re1 Qc2 25. Qf2 d3 26. Qxc2 dxc2 27. Ne3 Nd4 28. Rf4
Rac8 29. Rf2 Rxc5 30. Rc1 Rfc8 31. Bxe6 fxe6 32. Rd2 e5 33. Kf2 Rf8+ 34. Ke1 b5
35. Nd5 Kh8 36. Rf2 Rcc8 0-1

[Event "Titled Tue 24th Jun Early"]
[Site "chess.com INT"]
[Date "2025.06.24"]
[Round "3"]
[White "Rudolph, Anna"]
[Black "Zhakshylykov, Erzhan"]
[Result "0-1"]
[WhiteTitle "WIM"]
[BlackTitle "IM"]
[WhiteElo "2198"]
[BlackElo "2362"]
[WhiteFideId "14102404"]
[BlackFideId "13804111"]
[EventDate "2025.06.24"]

1. e4 e6 2. c4 c5 3. Nc3 Nc6 4. Nf3 Nf6 5. d4 cxd4 6. Nxd4 Bb4 7. Nxc6 bxc6 8.
Bd3 e5 9. O-O O-O 10. Ne2 Bc5 11. a3 a5 12. Rb1 Rb8 13. Ng3 d6 14. Qe2 Ng4 15.
h3 Qh4 16. Nf5 Bxf5 17. exf5 Nf6 18. Be3 Bxe3 19. Qxe3 Rb3 20. Qe2 Rfb8 21. Rfd1
c5 22. Bc2 R3b6 23. b3 h6 24. Kh2 e4 25. g3 Qg5 26. Bxe4 Rxb3 27. Rxb3 Rxb3 28.
Rxd6 Rxa3 29. Bd5 h5 30. Rd8+ Kh7 31. Rf8 Qxf5 32. Rxf7 h4 33. Rxf6 hxg3+ 34.
fxg3 Qxf6 35. Qh5+ Qh6 36. Qf5+ Qg6 37. Qf4 Ra2+ 38. Kg1 Qb1+ 39. Qf1 Qxf1+ 40.
Kxf1 a4 41. h4 a3 42. g4 Rb2 43. g5 a2 44. Be4+ g6 45. h5 a1=Q+ 0-1

[Event "Titled Tue 24th Jun Early"]
[Site "chess.com INT"]
[Date "2025.06.24"]
[Round "3"]
[White "Kozlov, Oleg"]
[Black "Kezin, Roman"]
[Result "0-1"]
[WhiteTitle "IM"]
[BlackTitle "IM"]
[WhiteElo "2253"]
[BlackElo "2471"]
[WhiteFideId "4104544"]
[BlackFideId "24124621"]
[EventDate "2025.06.24"]

1. Nf3 d5 2. c4 d4 3. g3 c5 4. Bg2 Nc6 5. e3 e5 6. d3 Be7 7. O-O Nf6 8. exd4
exd4 9. Re1 O-O 10. Bg5 h6 11. Bxf6 Bxf6 12. Nbd2 Bf5 13. Ne4 Be7 14. a3 a5 15.
Qa4 Qc7 16. Re2 Bd7 17. Qc2 f5 18. Ned2 Bd6 19. Nh4 Kh7 20. Rae1 g5 21. Nhf3
Rae8 22. Qd1 g4 23. Nh4 Rxe2 24. Rxe2 Ne5 25. Nf1 b5 26. b3 a4 27. f4 gxf3 28.
Nxf3 Nxf3+ 29. Bxf3 axb3 30. Qxb3 b4 31. axb4 cxb4 32. Ra2 Bc5 33. Ra6 Qe5 34.
Qd1 Rb8 35. Qc1 Qg7 36. Qf4 Rb6 37. Ra7 b3 38. Nd2 b2 39. Qc7 b1=Q+ 40. Nxb1
Rxb1+ 41. Kg2 Bxa7 42. Qxa7 Rb2+ 43. Kg1 Qe7 0-1

[Event "Titled Tue 24th Jun Early"]
[Site "chess.com INT"]
[Date "2025.06.24"]
[Round "3"]
[White "Mika, Tomasz"]
[Black "Shimanov, Aleksandr"]
[Result "0-1"]
[WhiteTitle "CM"]
[BlackTitle "GM"]
[WhiteElo "2227"]
[BlackElo "2578"]
[WhiteFideId "1132970"]
[BlackFideId "4198603"]
[EventDate "2025.06.24"]

1. e4 e5 2. Nf3 Nc6 3. Bc4 Bc5 4. c3 Nf6 5. d4 exd4 6. e5 d5 7. Bb5 Ne4 8. cxd4
Bb6 9. Nc3 Bg4 10. h3 Bh5 11. Qc2 Bxf3 12. gxf3 Ng5 13. Bxc6+ bxc6 14. Qd3 O-O
15. Rg1 Ne6 16. Be3 f5 17. f4 Qh4 18. Ne2 Kh8 19. O-O-O Qe7 20. Kb1 Rab8 21. Ng3
g6 22. h4 Qxh4 23. Rh1 Qe7 24. Rh6 Kg8 25. Rdh1 Rf7 26. R6h2 Qb4 27. a3 Qb5 28.
Qc3 Qa4 29. Rg2 Bxd4 30. Bxd4 Nxd4 31. Nh5 Nb5 32. Qc1 Nxa3+ 33. Ka2 Nc4+ 34.
Kb1 Rxb2+ 35. Qxb2 Nxb2 36. Nf6+ Rxf6 37. exf6 Qe4+ 38. Kxb2 Qxg2 39. Re1 Qxf2+
40. Kc3 Qxe1+ 41. Kd4 Kf7 42. Kc5 Kxf6 43. Kxc6 d4 44. Kd7 d3 45. Kd8 0-1

[Event "Titled Tue 24th Jun Early"]
[Site "chess.com INT"]
[Date "2025.06.24"]
[Round "3"]
[White "Garde, Guillaume"]
[Black "Ugorek, Kacper"]
[Result "0-1"]
[WhiteTitle "CM"]
[BlackTitle "CM"]
[WhiteElo "2211"]
[BlackElo "2262"]
[WhiteFideId "45138273"]
[BlackFideId "21890676"]
[EventDate "2025.06.24"]

1. d4 Nf6 2. Nf3 g6 3. Nbd2 Bg7 4. e4 d6 5. Bd3 O-O 6. O-O Nbd7 7. c3 e5 8. dxe5
dxe5 9. Re1 c6 10. Bc2 Qe7 11. h3 Re8 12. Qe2 a5 13. a4 b6 14. Nc4 Ba6 15. Nfd2
Nh5 16. Qf3 Nf4 17. Ne3 Nc5 18. Kh2 Ncd3 19. Bxd3 Nxd3 20. Rd1 Rad8 21. Ndc4 Qc7
22. g3 Nc5 23. Rxd8 Rxd8 24. b4 Nb3 25. Rb1 Nxc1 26. Rxc1 h5 27. h4 Bh6 28. Rd1
Rxd1 29. Qxd1 Bf8 30. Qb3 Kg7 31. Kg2 f6 32. b5 cxb5 33. axb5 Bb7 34. Nd2 Bc5
35. Nd5 Qd7 36. c4 f5 37. f3 fxe4 38. fxe4 Qg4 39. Qd3 a4 40. Nf3 a3 41. Nxe5
Qe6 42. Qc3 Kh7 43. Nf3 Bxd5 44. cxd5 Qxe4 45. Qb3 Qe2+ 46. Kh3 a2 47. Ng5+ Kh6
48. Qc3 Qf1+ 49. Kh2 Bg1+ 50. Kh1 Bd4+ 51. Kh2 Qg1+ 52. Kh3 Qh1# 0-1

[Event "Titled Tue 24th Jun Early"]
[Site "chess.com INT"]
[Date "2025.06.24"]
[Round "3"]
[White "Damaraju, Ashwin"]
[Black "Swaminathan, Pranav"]
[Result "0-1"]
[WhiteElo "2084"]
[BlackElo "2113"]
[WhiteFideId "39908348"]
[BlackFideId "30970482"]
[EventDate "2025.06.24"]

1. e4 c5 2. Nc3 Nc6 3. Bb5 Nd4 4. Nf3 e6 5. O-O a6 6. Bd3 Nc6 7. Nd5 Nge7 8. Ne3
g6 9. e5 Bg7 10. Ng4 O-O 11. Be4 h5 12. Nf6+ Kh8 13. d4 cxd4 14. Bg5 Qc7 15. Re1
Nxe5 16. Nxh5 Nxf3+ 17. Qxf3 Nf5 18. Nxg7 Kxg7 19. g4 f6 20. Bf4 e5 21. Bxf5
gxf5 22. gxf5 d6 23. Bg3 Bd7 24. Rxe5 dxe5 25. Re1 Rae8 26. Qh5 Rf7 27. Re4 Bc6
28. Rg4+ Kf8 29. Bh4 Ke7 30. Bxf6+ Rxf6 31. Rg7+ Kd8 32. Rxc7 Kxc7 33. Qh7+ Kb8
34. h4 Ref8 35. Qe7 Rxf5 36. h5 Ka8 37. h6 Rxf2 38. Qg7 Rg2+ 39. Qxg2 Bxg2 40.
Kxg2 Rh8 41. Kf3 Rxh6 42. Ke4 Re6 43. c3 dxc3 44. bxc3 Rc6 45. a4 Rxc3 46. a5
Ra3 47. Kxe5 Rxa5+ 48. Kd6 Rb5 49. Kc7 Ka7 50. Kd6 Rb6+ 51. Kc7 a5 52. Kd7 a4
53. Kc8 a3 54. Kc7 a2 55. Kd7 a1=Q 56. Kd8 Qd4+ 57. Ke7 Qe5+ 58. Kf8 Rf6+ 0-1

[Event "Titled Tue 24th Jun Early"]
[Site "chess.com INT"]
[Date "2025.06.24"]
[Round "3"]
[White "Shuvalova, Polina"]
[Black "Howell, David W L"]
[Result "1-0"]
[WhiteTitle "IM"]
[BlackTitle "GM"]
[WhiteElo "2480"]
[BlackElo "2668"]
[WhiteFideId "24171760"]
[BlackFideId "410608"]
[EventDate "2025.06.24"]

1. e4 e6 2. d4 d5 3. Nd2 dxe4 4. Nxe4 Bd7 5. Nf3 Bc6 6. Bd3 Nd7 7. O-O Ngf6 8.
Ned2 Be7 9. Qe2 O-O 10. Rd1 Bxf3 11. Nxf3 c6 12. Bf4 a5 13. c4 a4 14. Bc2 Re8
15. Ne5 Qa5 16. Bd2 Bb4 17. Bf4 a3 18. bxa3 Bxa3 19. Rab1 Qa6 20. Qd3 Nf8 21.
Rb3 Be7 22. Bb1 Red8 23. Qe2 Ng6 24. Bg3 Nd7 25. Nf3 Nf6 26. Ne5 Nd7 27. Nf3 Nb6
28. Bd3 Nc8 29. h4 Qxa2 30. Qxa2 Rxa2 31. h5 Nf8 32. Rxb7 Bf6 33. c5 Ne7 34. Ne5
Bxe5 35. Bxe5 Nd5 36. Rdb1 Rda8 37. R7b2 Rxb2 38. Rxb2 f6 39. Bd6 Ra7 40. Be4
Kf7 41. g3 Nd7 42. Kg2 f5 43. Bf3 N7f6 44. Rb8 Rd7 45. Rf8# 1-0